Từ chỉ tên gọi hoa ở thành phố Sa Đéc, Đồng Tháp dưới góc nhìn ngôn ngữ - văn hóa Luận văn thạc sĩ Ngữ văn. Chuyên ngành: Ngôn ngữ Việt Nam. Mã số: 8 22 01 02

সংরক্ষণ করুন:
গ্রন্থ-পঞ্জীর বিবরন
প্রধান লেখক: Lê, Thị Phượng
অন্যান্য লেখক: Trần, Hoàng Anh (Hướng dẫn)
বিন্যাস: সজ্জা গ্রন্থ
প্রকাশিত: Đồng Tháp Đại học Đồng Tháp 2019
বিষয়গুলি:
ট্যাগগুলো: ট্যাগ যুক্ত করুন
কোনো ট্যাগ নেই, প্রথমজন হিসাবে ট্যাগ করুন!
Thư viện lưu trữ: Trung tâm Học liệu Lê Vũ Hùng, Trường Đại học Đồng Tháp
LEADER 01192ppm a22002538a 4500
001 00045131
005 20191031091028.0
008 170228s2013 ||||||Viesd
041 0 # |a Vie 
082 1 4 |a 495.922  |b T550CH 
100 1 # |a Lê, Thị Phượng 
245 0 0 |a Từ chỉ tên gọi hoa ở thành phố Sa Đéc, Đồng Tháp dưới góc nhìn ngôn ngữ - văn hóa  |b Luận văn thạc sĩ Ngữ văn. Chuyên ngành: Ngôn ngữ Việt Nam. Mã số: 8 22 01 02  |c Lê Thị Phượng; Trần Hoàng Anh (hướng dẫn) 
260 # # |a Đồng Tháp  |b Đại học Đồng Tháp  |c 2019 
300 # # |a 105 tr. + phụ lục  |c 30 cm.  |e 1 bản tóm tắt + 1 CD 
500 # # |a ĐTTS ghi: Bộ giáo dục và đào tạo. Trường Đại học Đồng Tháp 
653 # # |a Luận văn 
653 # # |a Đồng Tháp 
653 # # |a Văn hóa 
653 # # |a Ngôn ngữ 
653 # # |a Tên gọi hoa 
700 1 # |a Trần, Hoàng Anh  |e Hướng dẫn 
852 # # |j LV.0002533  |j LV.0002532 
910 # # |d 31/10/2019 
980 # # |a Trung tâm Học liệu Lê Vũ Hùng, Trường Đại học Đồng Tháp